[Event "Collado Villalba op-B 26th"]
[Site "Collado Villalba"]
[Date "2009.08.25"]
[Round "5"]
[White "Gil Fernandez, Daniel"]
[Black "Martin Garcia, Francisco Javier"]
[Result "1-0"]
[WhiteElo "1849"]
[BlackElo "1578"]
[PlyCount "81"]
[EventDate "2009.08.21"]
[EventType "swiss"]
[EventRounds "9"]
[EventCountry "ESP"]
[SourceTitle "EXT 2011"]
[Source "ChessBase"]
[SourceDate "2010.11.26"]
[SourceVersion "1"]
[SourceVersionDate "2010.11.26"]
[SourceQuality "1"]

1. d4 Nf6 2. c4 c5 3. d5 b5 4. cxb5 a6 5. e3 axb5 6. Bxb5 Qa5+ 7. Nc3 Ba6 8. Qd3 Bxb5 9. Qxb5 Qxb5 10. Nxb5 Na6 11. d6 exd6 12. Bd2 Rb8 13. a4 Be7 14. Ne2 0-0 15. 0-0 d5 16. Bc3 Ne4 17. Rfd1 Nf6 18. Nf4 d4 19. exd4 g5 20. Nd3 c4 21. Ne5 d5 22. Nc6 Rb7 23. Re1 Re8 24. Re2 Kf8 25. Rae1 Ne4 26. f3 Nf6 27. Kf2 g4 28. Nxe7 Rbxe7 29. Rxe7 Rxe7 30. Rxe7 Kxe7 31. fxg4 Nxg4+ 32. Kg3 Nf6 33. Kf4 Ke6 34. Kg5 h6+ 35. Kf4 Ne4 36. Kf3 Ng5+ 37. Kg4 Ne4 38. h3 Nf6+ 39. Kf3 Ne4 40. Ba5 Nd2+ 41. Bxd2 1-0

[Event "Collado Villalba op-B 26th"]
[Site "Collado Villalba"]
[Date "2009.08.21"]
[Round "1"]
[White "Cerrato Sampablo, Antonio"]
[Black "Gil Fernandez, Daniel"]
[Result "0-1"]
[WhiteElo "1621"]
[BlackElo "1849"]
[PlyCount "70"]
[EventDate "2009.08.21"]
[EventType "swiss"]
[EventRounds "9"]
[EventCountry "ESP"]
[SourceTitle "EXT 2011"]
[Source "ChessBase"]
[SourceDate "2010.11.26"]
[SourceVersion "1"]
[SourceVersionDate "2010.11.26"]
[SourceQuality "1"]

1. e4 Nf6 2. e5 Nd5 3. c4 Nb6 4. d4 d6 5. exd6 cxd6 6. Be3 Nc6 7. Nc3 Bf5 8. Rc1 g6 9. b3 Bg7 10. Nge2 0-0 11. Ng3 Bd7 12. Qd2 Re8 13. Be2 Rc8 14. 0-0 Na8 15. f4 f5 16. h4 e5 17. fxe5 dxe5 18. Bg5 Qb6 19. c5 Qb4 20. Bc4+ Kh8 21. a3 Qa5 22. Qb2 exd4 23. b4 dxc3 24. Rxc3 Qc7 25. Bf4 Be5 26. Re3 Bxb2 27. Rxe8+ Rxe8 28. Bxc7 Nxc7 29. h5 Bxa3 30. hxg6 hxg6 31. Rd1 Be6 32. Bxe6 Rxe6 33. Rd7 Re7 34. Rd6 Kg7 35. Kf1 Bxb4 0-1

[Event "Tres Cantos op 1st"]
[Site "Tres Cantos"]
[Date "2009.06.11"]
[Round "6"]
[White "Gil Fernandez, Daniel"]
[Black "Baeza Escudero, Javier"]
[Result "0-1"]
[WhiteElo "2010"]
[BlackElo "1934"]
[PlyCount "102"]
[EventDate "2009.06.06"]
[EventType "swiss"]
[EventRounds "9"]
[EventCountry "ESP"]
[SourceTitle "EXT 2010"]
[Source "ChessBase"]
[SourceDate "2010.11.25"]
[SourceVersion "1"]
[SourceVersionDate "2010.11.25"]
[SourceQuality "1"]

1. d4 d5 2. c4 e6 3. Nc3 Be7 4. Nf3 Nf6 5. e3 0-0 6. Bd3 b6 7. b3 Bb7 8. 0-0 Nbd7 9. Qc2 Rc8 10. cxd5 exd5 11. Ne5 c5 12. Nxd7 Nxd7 13. Bxh7+ Kh8 14. Bf5 Bf6 15. Qd3 c4 16. Qe2 g6 17. Bxd7 Qxd7 18. Bd2 b5 19. b4 Rfe8 20. a4 bxa4 21. Qf3 Kg7 22. Nxa4 Bc6 23. Nc5 Qe7 24. Ra5 a6 25. Rfa1 Bb5 26. Qxd5 Red8 27. Qe4 Be5 28. Bc3 Rxc5 29. dxe5 Rcd5 30. Qf3 Rd3 31. Bd4 R8xd4 32. Qf6+ Qxf6 33. exf6+ Kxf6 34. exd4 c3 35. R5a3 Ke6 36. Rc1 c2 37. Rxd3 Bxd3 38. f3 Kd5 39. Kf2 Kxd4 40. g3 Kc3 41. Ke3 g5 42. h4 gxh4 43. gxh4 Bh7 44. h5 Kxb4 45. Kd4 a5 46. Ke5 Kb3 47. f4 Kb2 48. Rxc2+ Kxc2 49. Kf6 a4 50. Kxf7 a3 51. Kg7 Bd3 0-1